000 00659nam a2200193 a 4500
008 120416s1992 ||||||||||||||||| || u
020 _a0412456400
050 _aTA 330 Eva
100 _aEvans, C. W. (Charles William)
245 1 0 _aEngineering mathematics
246 _aa programmed approach
250 _a2nd ed.
260 _aLondon
_bChapman and Hall
_c1992
300 _axix, 768p. : ill.
350 _a0.00
650 0 _aENGINEERING MATHEMATICS--PROGRAMMED INSTRUCTIONS
650 _aENGINEERING
995 _D0.00
_FCBU-MAIN LIBRARY (Kitwe)
_H1
_I15.50
_M1
_UDAMAGED
_ZMain Library Open Access Collection
999 _c41956
_d41956